| 000 | 00510nam a2200181 a 4500 | ||
|---|---|---|---|
| 005 | 20140412111323.0 | ||
| 008 | 001111s19uu xx 00 eng d | ||
| 020 | _a0-307-30298-9 | ||
| 050 |
_aER _bHu86 1996 |
||
| 245 |
_aThe Hunchback of Notre Dame / _cadapted by Justine Korman ; illustrated by Don Williams. |
||
| 260 |
_aNew York : _bGolden Books, _c1996. |
||
| 300 | _a[23] p. ; ill. | ||
| 440 | _aDisney's series | ||
| 650 | _aFolklore | ||
| 650 | _aFolktales | ||
| 999 |
_c104482 _d104482 |
||